Trekking on, (Record no. 552371)

000 -LEADER
fixed length control field 00970cam a2200205 4500
082 ## - DEWEY DECIMAL CLASSIFICATION NUMBER
Classification number 940.4
Author Mark REI
100 1# - MAIN ENTRY--PERSONAL NAME
Personal name Reitz, Deneys,
9 (RLIN) 46669
245 10 - TITLE STATEMENT
Title Trekking on,
Statement of responsibility, etc. by Deneys Reitz; with a preface by General the Rt. Hon. J. C. Smuts.
260 ## - PUBLICATION, DISTRIBUTION, ETC.
Place of publication, distribution, etc. London,
Name of publisher, distributor, etc. Faber & Faber limited
Date of publication, distribution, etc. [1933]
300 ## - PHYSICAL DESCRIPTION
Extent 2 p. l., 7-351 p.
Other physical details fold, maps.
Dimensions 23 cm.
500 ## - GENERAL NOTE
General note A narrative of the author's life in exile following the Boer war, his work upon his return to South Africa, and his part in the European war, first in South Africa and later in Europe.
500 ## - GENERAL NOTE
General note American edition (New York, Minton, Balch & company) has title: Afrikander.
500 ## - GENERAL NOTE
General note First published in September 1933: third impression December 1933.
526 ## - STUDY PROGRAM INFORMATION NOTE
Program name 0
Interest level 0
Reading level 0
Title point value 940_400000000000000_REI
650 #0 - SUBJECT ADDED ENTRY--TOPICAL TERM
Topical term or geographic name entry element MCE
9 (RLIN) 379
650 #0 - SUBJECT ADDED ENTRY--TOPICAL TERM
Topical term or geographic name entry element World War, 1914-1918
9 (RLIN) 28173
650 #0 - SUBJECT ADDED ENTRY--TOPICAL TERM
Topical term or geographic name entry element World War, 1914-1918
Geographic subdivision German East Africa.
9 (RLIN) 49584
650 #0 - SUBJECT ADDED ENTRY--TOPICAL TERM
Topical term or geographic name entry element World War, 1914-1918
Geographic subdivision Namibia.
9 (RLIN) 49585
942 ## - ADDED ENTRY ELEMENTS (KOHA)
Source of classification or shelving scheme
Koha item type Book
Holdings
Withdrawn status Lost status Source of classification or shelving scheme Damaged status Not for loan Permanent Location Current Location Date acquired Total Checkouts Full call number Barcode Date last seen Price effective from Koha item type
          Military College of Engineering (MCE) Military College of Engineering (MCE) 01/14/2015   940.4 REI MCE-ECT/32 01/14/2015 01/14/2015 Book
© 2023 Central Library, National University of Sciences and Technology. All Rights Reserved.